00761nam a2200193 a 450000100100000000500170001000800410002704000250006810000180009324500740011126000490018549000230023450500310025750400730028870000330036183000500039495201060044499900170055000004328420201002040804.0140304s1935 sp 000 0 spa d aDO-SdBNPbspacBNPHU1 aPlaute97090410aComédies /cPlaute ; text revisat i traducció de Marçal Olivar. aBarcelona :bFundació Bernat Metge,c1935.1 aEscriptors llatins0 gv. 3tEls Captius Càsina aIncluye referencias bibliográficas y notas al pie de las páginas1 aOlivar, Marçaletr.970905 0aEscriptors llatins, text i traducció970906 0010507-18MOaGRbGRcOId2014-03-04iLF1l0o p43284-10r2020-06-25w2020-06-25y1ZNo se presta c42773d42773